Zvyšovanie efektívnosti riadenia logistických procesov
Dokončenie z č. 1/2004. Pre hľadanie najkratšej okružnej prepravnej trasy bol rozpracovaný celý rad optimalizačných metód a heuristických prístupov (Littleho metóda vetiev a hraníc, metóda úplne enumerácie a i.) Využívanie prístupov dynamického programovaniia pri optimalizovaní úloh rozvozu a zvozu...
Salvato in:
| Autore principale: | |
|---|---|
| Altri autori: | , |
| Natura: | Capitolo di libro |
| Lingua: | slovacco inglese |
| Soggetti: | |
| Tags: |
Nessun Tag, puoi essere il primo ad aggiungerne!!
|
MARC
| LEADER | 00000naa$a2200000$$$4500 | ||
|---|---|---|---|
| 001 | 0011384 | ||
| 005 | 20240502071356.5 | ||
| 041 | 0 | |a slo | |
| 041 | 0 | |a eng | |
| 044 | |a SK | ||
| 245 | 1 | 0 | |a Zvyšovanie efektívnosti riadenia logistických procesov |c aut. Ivan Brezina |
| 520 | |a Dokončenie z č. 1/2004. Pre hľadanie najkratšej okružnej prepravnej trasy bol rozpracovaný celý rad optimalizačných metód a heuristických prístupov (Littleho metóda vetiev a hraníc, metóda úplne enumerácie a i.) Využívanie prístupov dynamického programovaniia pri optimalizovaní úloh rozvozu a zvozu materiálu. Výrobná logistika. Náčrt materiálových a výrobných tokov. Organizácia vnútropodnikovej prepravy. Logistika obstarávania. Distribučná logistika. | ||
| 610 | 2 | 0 | |a logistika distribučná |
| 610 | 2 | 0 | |a logistika |
| 610 | 2 | 0 | |a optimalizácia |
| 610 | 2 | 0 | |a metódy optimalizačné |
| 610 | 2 | 0 | |a podnik |
| 610 | 2 | 0 | |a úlohy dopravné |
| 610 | 2 | 0 | |a heuristika |
| 610 | 2 | 0 | |a obstarávanie |
| 610 | 2 | 0 | |a proces výrobný |
| 100 | 1 | |a Brezina, Ivan, 1963- | |
| 700 | 1 | |a Čičková, Zuzana, 1978- | |
| 700 | 1 | |a Reiff, Marian, 1978- | |